000 01117cam a2200313 a 4500
999 _c50569
_d50569
001 14879626
005 20200227155614.0
008 070605s2007 maua 001 0 eng c
010 _a 2007930255
020 _a9780979570407
020 _a0979570409
035 _a(OCoLC)ocn141242941
040 _aINU
_cINU
_dYDXCP
_dWAU
_dDLC
041 _ageo
050 0 0 _aQA273
_b.R845 2007
080 _a519.2 R-79
100 1 _aRoss, Sheldon M.
_97102
245 1 2 _aA second course in probability /
_cSheldon M. Ross and Erol A. Peköz.
264 _aBoston :
_bwww.ProbabilityBookstore.com,
_c2007.
300 _a210 p. :
_bill. ;
_c25 cm.
500 _aIncludes index.
650 0 _aProbabilities
_vTextbooks.
_97103
653 _aალბათობის კურსი
700 1 _aPeköz, Erol A.
_97574
856 4 1 _3Table of contents
_uhttp://www.loc.gov/catdir/toc/fy0801/2007930255.html
906 _a7
_bcbc
_cpccadap
_d3
_encip
_f20
_gy-gencatlg
942 _2udc
_cBK
955 _apc16 2007-06-05 ; se38 2007-09-11 to ASCD
_ajp00 2007-09-12
_ajp00 2007-09-13
_ajp43 2007-09-19 z-processor
_ijp43 2007-09-28